Statistiken für Europäische Fußballchampions seit 2000 in den Top-5-Ligen

Klicken Sie hier um das Quiz zu spielen!

Allgemein

  • Dieses Quiz wurde 9.489 mal gespielt
    (110 seit der letzten Aktualisierung)
  • Das Durchschnittsergebnis liegt bei 26 aus 31

Antwortstatistiken

LigaJahr(e)Team% Korrekt
Serie A2004, 2011, 2022AC Mailand
100%
Bundesliga2002, 2011, 2012Borussia Dortmund
100%
Bundesliga2000, 2001, 2003, 2005, 2006, 2008, 2010, 2013, 2014, 2015, 2016, 2017, 2018, 2019, 2020, 2021, 2022, 2023FC Bayern München
100%
La Liga2005, 2006, 2009, 2010, 2011, 2013, 2015, 2016, 2018, 2019, 2023FC Barcelona
99%
La Liga2001, 2003, 2007, 2008, 2012, 2017, 2020, 2022, 2024Real Madrid
99%
Bundesliga2024Bayer Leverkusen
97%
Serie A2006, 2007, 2008, 2009, 2010, 2021, 2024Inter Mailand
97%
Premier League2020Liverpool
97%
Premier League2012, 2014, 2018, 2019, 2021, 2022, 2023, 2024Manchester City
97%
Ligue 12013, 2014, 2015, 2016, 2018, 2019, 2020, 2022, 2023, 2024Paris Saint-Germain
97%
Premier League2000, 2001, 2003, 2007, 2008, 2009, 2011, 2013Manchester United
96%
Premier League2005, 2006, 2010, 2015, 2017Chelsea
94%
Serie A2002, 2003, 2012, 2013, 2014, 2015, 2016, 2017, 2018, 2019, 2020Juventus
94%
La Liga2014, 2021Atlético Madrid
93%
Ligue 12002, 2003, 2004, 2005, 2006, 2007, 2008Olympique Lyon
92%
Premier League2002, 2004Arsenal
91%
Serie A2023SSC Napoli
91%
Ligue 12010Olympique Marseille
90%
Bundesliga2004Werder Bremen
90%
Bundesliga2009VfL Wolfsburg
89%
Bundesliga2007VfB Stuttgart
88%
Premier League2016Leicester City
86%
Ligue 12000, 2017AS Monaco
79%
Ligue 12011, 2021OSC Lille
79%
Serie A2001AS Rom
75%
La Liga2002, 2004FC Valencia
74%
Serie A2000S.S. Lazio
70%
Ligue 12009Girondins de Bordeaux
57%
La Liga2000Deportivo La Coruña
49%
Ligue 12012HSC Montpellier
44%
Ligue 12001FC Nantes
36%

Verteilung der Resultate

Perzentil nach korrekt beantworteten Fragen

Anzahl Personen mit jedem Resultat

Ihre Resultats-Entwicklung

Sie haben dieses Quiz seit der letzten Aktualisierung nicht gespielt